Psych: Gus's Nicknames Quiz Stats

 Plays Quiz not verified by Sporcle

Challenge
Share
Tweet
Embed
Score 0/27 Timer 07:00
0 Plays Today
Maybe put a hand to your head Answer % Correct
Gus T. T. Showbiz
50%
Magic Head
45%
Ovaltine Jenkins
40%
Nick Nack
40%
Lavender Gooms
30%
Gus 'Silly-Pants' Jackson
25%
Chocolate Columbo
20%
Bruton Gaster
20%
Galileo Humpkins
20%
Methuselah Honeysuckle
20%
Tan
20%
MC Clap Your Handz
16.7%
Bighead Burton
15%
Big Baby Burton
15%
Maybe put a hand to your head Answer % Correct
Peter Panic
15%
Schoonie 'U-Turn' Singleton
15%
Felicia Fancybottom
15%
Fingers
10%
Homeskillet
10%
Blackstar
10%
Lemongrass Gogulope
10%
Squirts MacIntosh
10%
Shmuel Cohen
10%
Paddy Simcox
10%
Chesterfield McMillan
10%
Longbranch Pennywhistle
10%
Shutterfly Simmons
5%

You're not logged in!

Compare scores with friends on all Sporcle quizzes.
Join for Free
OR
Log In

You Might Also Like...

Show Comments

Extras

Created Jan 13, 2012ReportNominate
Tags:bam, gus, hand, maybe, nickname, psych, put, shawn

Top Quizzes Today


Score Distribution

Your Account Isn't Verified!

In order to create a playlist on Sporcle, you need to verify the email address you used during registration. Go to your Sporcle Settings to finish the process.

Report this User

Report this user for behavior that violates our Community Guidelines.

Details: